| 000 | 00477nam a2200145Ia 4500 | ||
|---|---|---|---|
| 008 | 231129s2003||||xx |||||||||||||| ||spa|| | ||
| 020 | _a958-33-5507-0 | ||
| 040 | _bspa | ||
| 082 | _a986.126 V732a | ||
| 100 | _aVillegas Botero Fabio | ||
| 245 | 0 | _aEl alma recóndita del pueblo antioqueño: un triple mestizaje: genético cultural y religioso | |
| 260 | _c2003 | ||
| 264 | _aMedellín Colombia : Marín Vieco | ||
| 942 |
_2ddc _cBKS |
||
| 999 |
_c10138 _d10138 |
||